000 00504nam a2200169Ia 4500
005 20250923144905.0
008 008 250917s9999 xx 000 0 eng d
037 _aTextual
040 _aDSWL
_beng
_cDSWL
041 _aeng
_2eng
084 _aYXx73,N4, N49;1
_qDSWL
245 0 _aSocial work as Human relations
_cby School of Social Work
260 _aNew York
_bColumbia University Pres
_c1949
300 _avi,288p.
942 _cTEXL
_hYXx73,N4, N49;1
999 _c1444623
_d1444623